00444nam a22001577a 450000500170000001000150001702000260003203500140005803700090007208200080008110000200008924500340010926000480014327000710019130000240026220220216110126.0 aENG-131617 a9788194738688c270.00 aEN-115149 bDBAD a881 aGrewal, Jasmine aRising Waves/cJasmine Grewal aGurugrambThe Poetry Society of Indiac2020 aH-23/16, DLF Phase-IbGurugrame122002mthepoertysoindia@gmail.com aiv, 52p.c21cm(pbk)